00565 2200169 4500245006900000020001800069250001100087100001900098650001700117005001900134260002800153041001400181084000800195300002800203500015500231336000900386 aNgenest 2 b : Ngetawain Hidup Ala ErnestcErnest PrakasahText a9786021684023 aCet. 4 aErnest Prakasa aNovel Komedi a20231004141559 aJakartabRak Bukuc2016 aIndonesia a813 axii, 179 hlm. :c20 cm. aDibanding bokap,keluarga nyokap gua tiuh lebih original cinanya. Gaya omongnya masih totok banget. Bagi mereka, gak ada istilah "kami" atau " kalian". atext